00979cam a22002411 4500001001300000003000400013005001700017008004100034010001700075035001900092040002700111042001200138050001600150082001100166100002100177245026100198260009100459300003400550410006900584650003700653740003000690999001700720e 54000008 DLC20260227111235.0780320s1954 dcua f000 0 eng  ae 54000008  a(OCoLC)3734329 aDLCcInWhCdInWhCdDLC apremarc00aLB3215b.T3 a371.621 aTaylor, James L.10aGood and bad school plants in the United States as revealed by a nationwide school facilities survey,cprepared by James L. Taylor, assisted by James Woofter and other staff members of the School Housing Section, Division of State and Local School Systems. aWashington,bU.S. Dept. of Health, Education, and Welfare, Office of Educationc[1954] av, 77 p.billus.c20 x 26 cm.10aUnited States.bOffice of Education.tSpecial publicationvno. 2 0aSchool buildingszUnited States.0 aSchool facilities survey. c22211d22211